000 00300nam a22001337a 4500
999 _c168257
_d168257
082 _a
_b
100 _aAndrew Dudley J
245 _aThe majour film theories an introduction/
_cby Andrew Dudley J.
260 _a
_bOxford,
_c2008.
300 _a278p.
600 _a
650 _a
942 _cBK